Statistics for Dls 24 top 50 highest overalls

Click here to take the quiz!

General Stats

  • This quiz has been taken 19 times
  • The average score is 22 of 50

Answer Stats

Ovr/PositionPlayer% Correct
84/LWHeung-Min Son
100%
86/CFKylian Mbappé
100%
85/SSLionel Messi
100%
86/DMRodri
100%
83/CFCristiano Ronaldo
92%
86/AMKevin De Bruyne
92%
85/RWMohamed Salah
92%
86/CFErling Haaland
83%
85/AMJude Bellingham
83%
85/LWVinicius Jr
83%
84/CBVirgil Van Dijk
83%
84/AMBernardo Silva
67%
84/CBRuben Dias
67%
83/RWBukayo Saka
58%
85/CFHarry Kane
58%
84/CFRobert Lewandowski
58%
83/RWRodrygo
50%
84/CMFederico Valverde
42%
83/LBJoao Cancelo
42%
83/CMLuka Modric
42%
83/CBMin-Jae Kim
42%
82/CMPedri
42%
83/LWRafael Leao
42%
82/LBTheo Hernandez
42%
83/RBAchraf Hakimi
33%
85/GKAllisson Becker
33%
82/LBAndrew Robertson
33%
83/CBEder Militao
33%
82/GKJan Oblak
33%
84/CFLautaro Martinez
33%
83/CMToni Kroos
33%
83/RBTrent Alexander Arnold
33%
83/LBAlejandro Grimaldo
25%
84/SSAntoine Griezmann
25%
82/CBAntonio Rüdiger
25%
84/AMBruno Fernandes
25%
83/GKGianluigi Donnarumma
25%
83/LWPhil Foden
25%
85/GKThibaut Courtouis
25%
82/DMDeclan Rice
17%
83/GKEderson Moraes
17%
83/CMFrenkie De Jong
17%
83/CMHakan Calhanoglu
17%
83/CMIlkay Gundogan
17%
83/CFVictor Osimhen
17%
82/CBWilliam Saliba
17%
82/CBMarquinhos
8%
83/AMMartin Odegaard
8%
82/LWKhvicha Kvaratskheila
0%
82/RWKingsley Coman
0%

Score Distribution

Percentile by Number Answered

Percent of People with Each Score

Your Score History

You have not taken this quiz